El derecho internacional de la persona humana (Record no. 55414)

MARC details
000 -LEADER
campo de control de longitud fija 00605nam a2200181 i 4500
001 - NÚMERO DE CONTROL
campo de control 55414
003 - IDENTIFICADOR DE NÚMERO DE CONTROL
campo de control ES-MaACL
007 - CAMPO FIJO DE DESCRIPCIÓN FÍSICA--INFORMACIÓN GENERAL
campo de control de longitud fija t|
008 - DATOS DE LONGITUD FIJA--INFORMACIÓN GENERAL
campo de control de longitud fija 030919s1974 sp ||||1| spa d
245 03 - MENCIÓN DEL TÍTULO
Título El derecho internacional de la persona humana
Resto del título : documentos anotados /
Mención de responsabilidad, etc. por José A. Obieta Chalbaud ... [et al.].
260 ## - PUBLICACIÓN, DISTRIBUCIÓN, ETC.
Lugar de publicación, distribución, etc. Bilbao :
Nombre del editor, distribuidor, etc. Mensajero,
Fecha de publicación, distribución, etc. [1974]
300 ## - DESCRIPCIÓN FÍSICA
Extensión 582 p. ;
Dimensiones 23 cm.
490 1# - MENCIÓN DE SERIE
Mención de serie Instituto de Derechos del Hombre
700 1# - ENTRADA AGREGADA--NOMBRE PERSONAL
Nombre de persona Obieta Chalbaud, José A.
9 (RLIN) 86404
830 0# - PUNTO DE ACCESO ADICIONAL DE SERIE-TÍTULO UNIFORME
Título uniforme Instituto de Derechos del Hombre
9 (RLIN) 230339
852 ## - LOCALIZACIÓN
Ubicación ES-MaACL
Número de control de estantería E-6051
Sublocalización o colección R.90536
Holdings
Estatus retirado Estado de pérdida Estado de daño No para préstamo Biblioteca de origen Biblioteca actual Ubicación en estantería Fecha de adquisición Fuente de adquisición Total de préstamos Signatura topográfica completa Código de barras Visto por última vez Precio de reemplazo Tipo de ítem Koha
        Biblioteca del Ateneo de Madrid Biblioteca del Ateneo de Madrid Depósito 2 17/01/2008     E-6051 1058222 23/02/2023 23/02/2023 Libro impreso